000 00621nam a2200241Ia 4500
003 OSt
005 20220918225606.0
006 a|||||r|||| 00| 0
007 ta
008 220917b |||||||| |||| 00| 0 eng d
024 _a243,369
037 _cTextual
040 _aARTS
_cARTS
_beng
041 _2eng
_aeng
082 _aDelta:36, M1
100 _aSivananda Swami
_947035
245 0 _aDhyana yoga
260 _aTehri
_bGarhwal Divine Life Society
_c1981
300 _a207p.
_ccm.
650 _aSPIRITUALISM
942 _hDelta:36, M1
_cTEXL
_2CC
999 _c285179
_d285179